Nové metódy riadenia : Diplomová práca

Saved in:
Bibliographic Details
Main Author: Urban, Vladimír (Author)
Other Authors: Krupa, Peter (xxx)
Format: Manuscript Book
Language:Slovak
Published: Trnava : STU v Bratislave MtF KMK, 1999
Subjects:
Tags: Add Tag
No Tags, Be the first to tag this record!

MARC

LEADER 00000ntm a22000003a 4500
001 stu54223
005 20160719155211.6
008 000614s1999----xo------------------slo-d
040 |a STU  |b slo 
041 0 |a slo 
044 |a xo 
100 1 |a Urban, Vladimír  |4 aut 
245 1 |a Nové metódy riadenia :  |b Diplomová práca 
260 |a Trnava :  |b STU v Bratislave MtF KMK,  |c 1999 
300 |a 90 s  |c výťah 
650 7 |a manažment priemyselných podnikov  |2 stusub 
650 7 |a manažment výrobný  |2 stusub 
650 7 |a riadenie  |2 stusub 
700 1 |a Krupa, Peter  |4 xxx 
996 |b 284M009216  |c M*DP-424  |l MMSKP  |s P  |a 0  |w stu54223_0001